<?xml version="1.0" encoding="UTF-8"?>
<record
    xmlns:xsi="http://www.w3.org/2001/XMLSchema-instance"
    xsi:schemaLocation="http://www.loc.gov/MARC21/slim http://www.loc.gov/standards/marcxml/schema/MARC21slim.xsd"
    xmlns="http://www.loc.gov/MARC21/slim">

  <leader>00510nam a22001337a 4500</leader>
  <datafield tag="082" ind1=" " ind2=" ">
    <subfield code="a">181.0</subfield>
    <subfield code="b">SAM</subfield>
  </datafield>
  <datafield tag="245" ind1=" " ind2=" ">
    <subfield code="a">Khutbat e Iqbal Tafqeer e deeni per tajdeed e nazar  Alama Iqbal/ </subfield>
    <subfield code="b">By: Dr.Muhammad Sami Ul Haq </subfield>
  </datafield>
  <datafield tag="260" ind1=" " ind2=" ">
    <subfield code="a">&#x644;&#x627;&#x6C1;&#x648;&#x631;:</subfield>
    <subfield code="b">&#x645;&#x6A9;&#x62A;&#x628;&#x6C1; &#x62C;&#x645;&#x627;&#x644;,</subfield>
    <subfield code="c">2016</subfield>
  </datafield>
  <datafield tag="300" ind1=" " ind2=" ">
    <subfield code="a">200p.;</subfield>
  </datafield>
  <datafield tag="563" ind1=" " ind2=" ">
    <subfield code="a">HB</subfield>
  </datafield>
  <datafield tag="880" ind1=" " ind2=" ">
    <subfield code="6">100-01\r</subfield>
    <subfield code="a">&#x688;&#x627;&#x6A9;&#x679;&#x631; &#x645;&#x62D;&#x645;&#x62F; &#x633;&#x645;&#x6CC;&#x639; &#x627;&#x644;&#x62D;&#x642;</subfield>
  </datafield>
  <datafield tag="880" ind1=" " ind2=" ">
    <subfield code="6">245-02\r</subfield>
    <subfield code="a">&#x62E;&#x637;&#x628;&#x627;&#x62A;&#x650; &#x627;&#x642;&#x628;&#x627;&#x644;: &#x62A;&#x641;&#x6A9;&#x631; &#x62F;&#x6CC;&#x646;&#x6CC; &#x67E;&#x631; &#x62A;&#x62C;&#x62F;&#x6CC;&#x62F;&#x650; &#x646;&#x638;&#x631; - &#x639;&#x644;&#x627;&#x645;&#x6C1; &#x645;&#x62D;&#x645;&#x62F; &#x627;&#x642;&#x628;&#x627;&#x644;</subfield>
  </datafield>
  <datafield tag="942" ind1=" " ind2=" ">
    <subfield code="2">ddc</subfield>
    <subfield code="c">BK</subfield>
  </datafield>
  <datafield tag="999" ind1=" " ind2=" ">
    <subfield code="c">613188</subfield>
    <subfield code="d">613188</subfield>
  </datafield>
  <datafield tag="952" ind1=" " ind2=" ">
    <subfield code="0">0</subfield>
    <subfield code="1">0</subfield>
    <subfield code="2">ddc</subfield>
    <subfield code="4">0</subfield>
    <subfield code="6">181_000000000000000_SAM</subfield>
    <subfield code="7">0</subfield>
    <subfield code="9">638417</subfield>
    <subfield code="a">CL</subfield>
    <subfield code="b">CL</subfield>
    <subfield code="d">2025-03-04</subfield>
    <subfield code="e">Donation</subfield>
    <subfield code="l">2</subfield>
    <subfield code="o">181.0 SAM</subfield>
    <subfield code="p">CL-D-2733</subfield>
    <subfield code="r">2026-02-12</subfield>
    <subfield code="s">2025-07-10</subfield>
    <subfield code="w">2025-03-04</subfield>
    <subfield code="y">BK</subfield>
  </datafield>
</record>
